|
|
|
|
| LEADER |
00000nab a2200000 a 4500 |
| 001 |
vtls000338322 |
| 003 |
SK-MaSNL |
| 005 |
20260304081955.0 |
| 008 |
250424c1988 xo 0 slo |
| 015 |
|
|
|a SNBRB19rr/mm-uuuuu
|
| 035 |
|
|
|a CL0338444
|
| 035 |
|
|
|a urn:nbn:sk:snk-ab2r4b
|
| 035 |
|
|
|a (urnnbn)urn:nbn:sk:snk:ar-a02txn
|
| 035 |
|
|
|a (uuid)3ee1e0e0-e797-46dd-aed1-d20d7dfaacd9
|
| 040 |
|
|
|a SNKBUCL
|b slo
|c SNKBUCL
|e AACR2
|
| 041 |
0 |
|
|a cze
|
| 044 |
|
|
|a xo
|c SK
|
| 080 |
|
|
|a 624.078
|2 1981
|
| 100 |
1 |
|
|a Maquoi, René
|4 aut
|9 1363651
|
| 245 |
1 |
0 |
|a Matematické modelování polotuhých spojů v ocelových konstrukcích
|c René Maquoi, Jean-Pierre Jaspart ; Jeane-Pierre Jaspart
|
| 300 |
|
|
|b Grafy 8. Sch. 7. Res. rus., nem., angl., lit. 10 zázn. v nem., angl., franc.
|
| 650 |
0 |
7 |
|a konštrukcie oceľové
|2 snkbucl
|9 489019
|
| 655 |
|
7 |
|a články z novín a časopisov
|2 snkbucl
|9 267496
|
| 700 |
1 |
|
|a Jaspart, Jean-Pierre
|4 aut
|9 1371166
|
| 700 |
1 |
|
|a Jaspart, Jeane-Pierre
|4 aut
|9 1371167
|
| 773 |
0 |
|
|t Inženýrské stavby
|g Roč. 36, č. 2 (1988), s. 86-91
|
| 850 |
|
|
|a Slovenská národná knižnica
|
| 852 |
|
|
|a Slovenská národná knižnica
|
| 954 |
|
|
|a odborná, vedecká literatúra cudzojazyčná (svetová)
|2 lita
|
| 958 |
|
|
|a article2022
|
| 958 |
|
|
|a NB
|
| 958 |
|
|
|a RK
|
| 958 |
|
|
|a OND
|
| 958 |
|
|
|a EUIPO
|
| 992 |
|
|
|a RBX
|
| 999 |
|
|
|c 2793167
|d 2795097
|